[Event "Tashkent FIDE GP"]
[Site "Tashkent"]
[Date "2014.10.26"]
[Round "5"]
[White "Nakamura, Hikaru"]
[Black "Gelfand, Boris"]
[Result "1-0"]
[WhiteElo "2764"]
[BlackElo "2748"]
[Annotator "Gormally,D"]
[PlyCount "193"]
[EventDate "2014.10.21"]
[EventType "tourn"]
[EventRounds "11"]
[EventCountry "UZB"]
[EventCategory "21"]
[SourceTitle "CBM 163"]
[Source "ChessBase"]
[SourceDate "2014.11.11"]
[SourceVersion "1"]
[SourceVersionDate "2014.11.11"]
[SourceQuality "1"]

1. e4 c5 2. Nf3 d6 3. Bb5+ Bd7 4. Bxd7+ Qxd7 5. O-O Nf6 6. e5 dxe5 7. Nxe5 Qc8
8. Qf3 e6 9. b3 Be7 10. Bb2 Nbd7 11. Nc4 O-O 12. Nc3 Qc7 13. a4 Rad8 14. Rfe1
a6 15. a5 Nb8 16. Na4 Nc6 17. Qg3 Qxg3 18. hxg3 Nd5 19. c3 Rc8 20. Ba3 Na7 21.
Ne3 Nxe3 22. dxe3 Rc7 23. Red1 Nb5 24. Bb2 c4 25. bxc4 Nd6 26. Nb6 Ne4 27. Ba3
Nxc3 28. Bxe7 Rxe7 29. Rd3 Ne4 30. Nd7 Rc8 31. f3 Nf6 32. Nb6 Rc5 33. Rd8+ Re8
34. Rxe8+ Nxe8 35. Rd1 Rxa5 36. Rd8 Kf8 37. Rb8 Ra2 38. c5 Rc2 39. e4 f6 40.
Rxb7 Kg8 41. Re7 Kf8 42. Rxe6 Nc7 43. Rc6 Nb5 44. Nd5 Nd4 45. Rxa6 {Nakamura
has a reputation as a tactical wizard but he displayed his maturation as a
player against Gelfand, when he ground out a long win in the endgame.} Rxc5 (
45... Rxc5) 46. Ra8+ Kf7 47. Ra7+ Kf8 48. Nf4 Rc6 {This is a very typical
situation in chess that Gelfand is faced with - a pawn down in some grim
ending where he is devoid of active counterplay. Such a situation is very
depressing but it is far from resignable yet.} 49. Ra8+ Kf7 50. Rh8 $1 {
All these little moves are significant as they force a weakness in the
opponent's armour. Just in case, Nakamura is softening up Black's kingside.} h6
51. Rb8 Rc7 {Defending passively for the moment.} ({Given that passive defence
in a position like this is from the pyschological point of view so unpleasant,
I would be looking to get active with} 51... f5 $5 {trying to exchange some
pawns and hopefully making Black's defensive task that little bit easier.} 52.
Rb7+ $1 (52. e5 $6 g5 53. Rb7+ Kf8 54. Nd5 Re6 55. f4 {also looks unenviable
for Black}) 52... Kf6 $1 (52... Kf8 53. Rd7 Rc4 54. Rxd4 {is really bad}) (
52... Kg8 53. Rd7 Rc4 54. e5 {and the problems remain.}) 53. exf5 Nxf5 54. g4
Ng3 {the only move, to cover h5} 55. Kf2 Nh1+ 56. Ke3 Ng3 {with some chances
to hold.}) 52. Rb6 Ra7 53. Rd6 Nb5 54. Rd5 Rb7 55. Kh2 {Slowly improving the
position is going to be the key for White here.} Na7 56. Rd6 Nc8 57. Rc6 Ne7
58. Ra6 Ng6 59. Nh5 Ne7 60. Nf4 Ng6 61. Nd5 Ne7 62. Ne3 $1 Rc7 63. g4 Rc3 64.
Nf1 Rc7 65. Ra3 Rb7 66. Ne3 Rd7 67. Kg3 Rc7 68. Ra5 Rc3 69. Kf2 Rc7 70. Rb5 Ng6
71. Nd5 Ra7 72. Rc5 Ra2+ 73. Kg3 Kg8 74. Rc7 Ra3 75. Rb7 Ra2 76. Rc7 Ra3 77.
Rd7 Ra2 78. Ne3 $1 Ne5 79. Rb7 Ra3 80. Nf5 Nf7 {White has strengthened his
rook and knight combination to the maximum. Now it's time to bring up
reinforcements, in the shape of those humble little foot soldiers called pawns,
to stretch the opponent's defences to breaking point.} 81. Kh2 Ra2 (81... Ra4
$5 {just to prevent the plan of f4, suggests itself.} 82. Rb8+ Kh7 83. Re8 {
threatens both f4 and Re7 though, and Black can hardly prevent both.} g6 84.
Ne3 Kg7 85. Re7 Kf8 86. Nd5 $1 {when f6 also becomes a target.} f5 $2 87. gxf5
gxf5 88. exf5 Ra5 89. Rd7 Ke8 90. Nf6+ Kf8 91. g4 $18) 82. Re7 (82. f4 Re2 83.
Rb8+ $1 Kh7 84. Rf8 Nh8 85. Re8 {when White has a simple plan of marching his
e-pawn up the board.} Ng6 86. Kg3 Ra2 87. Nd4 Ra3+ 88. Nf3 $16) 82... Ra8 83.
f4 $1 {So much patient manouevering, but Nakamura is now close to a
breakthrough.} Kf8 84. Rc7 g6 {Gelfand is rather forced into this unwelcoming
weakening move as the more active tries} (84... Re8 $2 85. Rxf7+) ({and} 84...
Ra4 85. Rc8+ {both fail tactically.  This brings back a point made once by
Yasser Seirawan, that good technique is basically good tactics.  If you know
your way around the chessboard like Nakamura clearly does, then the small
tactical problems that tend to be presented in the endgame phase, don't offer
a serious problem.}) 85. Nh4 g5 86. Nf5 gxf4 87. Rc6 Ng5 $2 {Finally after a
long period of defending this desperately depressing ending, Gelfand
understandably cracks.} ({The almost "study like"} 87... Kg8 $1 88. Rxf6 Ra4 $1
{would have made White's task much harder, even if he retains a large advantage
} 89. Rg6+ Kf8 90. Re6 Ra5 $1 {crucially keeping the e5-square under control} (
{the "pseudo active"} 90... Ng5 $6 {like in the game, again fails to convince
because of} 91. Rf6+ Ke8 92. e5 Ra2 93. Nd4 $1 ({after} 93. Rxh6 $6 {Black has
the strong waiting move} Kd7 $1 {when it is difficult for White to prevent the
f3 threat;} ({But certainly not the immediate} 93... f3 {because of} 94. e6 $1)
{he can try} 94. Rd6+ Kc7 95. Rd3 f3 96. Ne3 {but this kind of winning attempt
is best left to engines; we humans prefer to keep control}) 93... Rd2 94. Rxf4
$16) 91. Rf6 Kg8 92. Nh4 Ra2 93. Rxf4 Ne5 {and probably White will gradually
win.  However it was interesting that better defensive opportunities were
offered by a passive defence when we are always told that it's better to
defend actively. Perhaps in this computer era it's better to rip up all the
chess generalisations?!}) 88. Rxf6+ Kg8 89. e5 Ra2 $2 90. e6 $1 Nf3+ 91. Kh3
Ng1+ 92. Kh4 Rxg2 93. Kh5 Nf3 94. Nxh6+ Kh7 95. Rf7+ Kh8 96. e7 Re2 97. Rxf4
1-0

[Event "Saint Louis m"]
[Site "Saint Louis"]
[Date "2014.11.21"]
[Round "1"]
[White "Nakamura, Hikaru"]
[Black "Aronian, Levon"]
[Result "1-0"]
[WhiteElo "2767"]
[BlackElo "2797"]
[Annotator "Pavlovic,M"]
[PlyCount "95"]
[EventDate "2014.11.21"]
[EventType "match"]
[EventRounds "4"]
[EventCountry "USA"]
[SourceTitle "CBM 164"]
[Source "ChessBase"]
[SourceDate "2015.01.15"]
[SourceVersion "1"]
[SourceVersionDate "2015.01.15"]
[SourceQuality "1"]

1. d4 Nf6 2. c4 e6 3. Nf3 d5 4. Nc3 Bb4 5. Bd2 $5 {A rare idea. White wants to
transpose to the Nimzo-Indian which he does, but the Bd2 line itself is not
considered dangerous for Black. But we have a game, which sometimes is for
some players more important.} O-O {An attempt to get a pawn which seems to be
highly risky for Black:} (5... dxc4 6. e3 Bxc3 7. Bxc3 b5 (7... Qd5 8. Be2 Nc6
9. O-O b5 10. b3 cxb3 11. Qxb3 $5 a6 12. Qb2 O-O 13. Ne5 Bb7 14. Bf3 Ne4 15.
Nd3 f5 16. Rfd1 Rab8 17. Nf4 Qd7 18. d5 exd5 19. Rxd5 Nd6 20. Rc5 Nd8 21. Bd1
$36) 8. a4 c6 9. axb5 cxb5 10. b3 O-O 11. bxc4 bxc4 12. Bxc4 Qc7 13. Qb3 Bb7
14. Ba5 Qc8 15. O-O Bxf3 16. gxf3 Nc6 17. Bd2 Rb8 18. Qa4 Rb2 19. Rfd1 Nd5 20.
Bf1 Qb7 21. e4 Nb6 22. Qa3 Nd7 23. Be3 $14 {1-0 (46) Reis,C (2366)-Pizzo,R
corr. 2006}) 6. e3 {I have extracted some new games played in this line;
obviously clear pathways have not yet been established.} Re8 (6... c5 7. a3 (7.
dxc5 Bxc5 8. cxd5 (8. Rc1 Nc6 9. cxd5 exd5 10. Be2 d4 11. exd4 Nxd4 12. O-O
Nxe2+ 13. Qxe2 Re8 14. Qc4 b6 15. Bg5 Bb7 16. Rfd1 Qc8 $1 $132) 8... exd5 9.
Be2 Nc6 10. O-O d4 11. exd4 Nxd4 12. Nxd4 Bxd4 13. Bf3 Be6 14. Qc2 Nd5 15. Nxd5
Bxd5 16. Bxd5 Qxd5 {1/2-1/2 (16) Ophoff,R (2062)-Abolina,A (1870) Hockenheim
2007}) 7... Bxc3 8. Bxc3 cxd4 9. Bxd4 Nc6 10. cxd5 Nxd4 11. Qxd4 Qxd5 12. Qxd5
Nxd5 13. Bd3 b6 14. Ke2 Bb7 15. Rac1 Rac8 16. Nd4 a6 17. f3 Rfd8 18. g3 h6 19.
Rhd1 Kf8 $11 {1/2-1/2 (58) Zvjaginsev,V (2642)-Lysyj,I (2670) Vladivostok 2014}
) (6... b6 7. Rc1 dxc4 (7... Bb7 8. cxd5 exd5 9. Bd3 a6 10. O-O Bd6 11. Ne5 c5
12. f4 Nc6 13. Na4 c4 14. Bb1 b5 15. Nc3 b4 16. Na4 a5 17. Be1 Ne8 18. Qh5 g6
19. Qh6 f5 20. g4 Ng7 21. Nf3 Be7 22. h4 fxg4 23. h5 Nxh5 24. f5 Rxf5 25. Bxf5
gxf3 26. Bxg6 hxg6 27. Qxg6+ Ng7 28. Rxf3 Qe8 29. Qg2 Nd8 $1 $17 (29... Nxd4
30. exd4 Qxa4 31. Bg3 $16 {1-0 (44) Sandipan,C (2597)-Agdestein,S (2637)
Warsaw 2014}) 30. Bg3 (30. Rg3 $6 Nde6 $19) 30... Nf7 31. Rcf1 Ng5 32. Be5 Ra6
33. Rg3 Rg6 $17) 8. Bxc4 Bb7 9. O-O Nbd7 10. Qe2 c5 11. a3 Bxc3 12. Bxc3 Ne4
13. Rfd1 Nxc3 14. Rxc3 Qe7 15. Ba6 Bxa6 16. Qxa6 cxd4 17. Nxd4 Nc5 18. Qc4 Rad8
19. Rcc1 Qh4 20. Qc2 Qe4 21. Qxe4 Nxe4 22. Nc6 $14 {1-0 (54) Sandipan,C (2603)
-Efimenko,Z (2649) Muelheim 2014}) 7. a3 (7. Be2 c6 8. O-O Nbd7 $13) (7. Bd3
Nbd7 8. O-O c5 9. a3 Bxc3 10. Bxc3 cxd4 11. exd4 b6 {with obvious similarities
to regular 4.e3 lines in the Nimzo, or even some Bogo-Indian types of position.
}) 7... Bf8 8. Rc1 Nbd7 9. Be2 a6 (9... dxc4 10. Bxc4 a6 11. e4 $5 (11. a4 b6
12. O-O Bb7 13. Qe2 c5 14. Rfd1 Qc7 15. dxc5 Bxc5 $13) 11... b5 12. Be2 Bb7 13.
e5 Ne4 14. Nxe4 Bxe4 15. Ng5 Bd5 16. Bd3 g6 17. h4 $40) 10. c5 c6 11. Na4 Ne4 (
11... e5 12. O-O e4 13. Ne1 $13) 12. O-O Nxd2 13. Nxd2 (13. Qxd2 e5 14. b4 e4
15. Ne1 Rb8 16. Nc2 Qh4 17. Nc3 Nf6 18. a4 Ng4 19. h3 Nh6 $13) 13... e5 14. e4
$5 dxe4 {Another possibility for Black gives easier play somehow:} (14... exd4
$5 15. exd5 cxd5 16. Nf3 b5 17. cxb6 Nxb6 18. Nxd4 (18. Nxb6 Qxb6 19. Qxd4 Rb8
$132) 18... Nxa4 19. Qxa4 Bd7 20. Qb3 Qf6 21. Rfd1 Rab8 $132) 15. Nxe4 Qh4 16.
f3 exd4 17. Bc4 (17. Qxd4 {This was perhaps a more precise move order:} {
Black can't solve his problems in the event of:} Nf6 (17... f5 18. g3 Qh6 19.
Bc4+ Kh8 20. Nd2 Bxc5 21. Nxc5 Nxc5 22. Qxc5 Qxd2 23. Rfd1 Qg5 24. Bf7 $16) 18.
Nb6 Rb8 19. Nxc8 Rbxc8 20. Bc4 {can transpose to the game.}) 17... Nf6 {
It seems that Black has missed a better move...} (17... Ne5 $1 18. Nb6 Rb8 19.
Nxc8 (19. Qxd4 Bf5 20. b4 Bxe4 21. Rcd1 $5 Rbd8 22. Qxe4 Qxe4 23. fxe4 Rxd1 24.
Rxd1 Be7 $11) 19... Rbxc8 20. Qxd4 Rcd8 21. Qc3 Kh8 $13) 18. Nb6 Rb8 19. Nxc8
Rbxc8 20. Qxd4 Nxe4 (20... Rcd8 21. Bxf7+ $1 Kh8 22. Qe3 $16) 21. fxe4 {
We have entered an opposite-coloured bishop type of position, and it is easy
to go astray when evaluating such positions. Pressure on f7 is simply stronger
then Black's ability to block the e4-pawn from advancing further.} Rc7 {
The alternative was interesting:} (21... Kh8 $5 22. Bxf7 Rxe4 23. Qd7 Rb8 24.
b4 $13 {[%cal Gf7a2,Gd7f7]}) 22. Rce1 Rd8 {I am not sure about this move. The
alternative looks safer:} (22... g6 23. g3 Qd8 (23... Qg5 24. e5 Bg7 25. Qf4 $1
Qxf4 26. gxf4 Bf8 27. b4 Rd8 28. Re4 $14) 24. Qf2 Ree7 25. e5 Bg7 26. Rd1 Qe8
27. e6 fxe6 28. Rd6 Kh8 29. Qe2 e5 30. Rfd1 Rc8 31. Qe4 $44 {Despite beeing a
pawn down White has control of the position but it's not sure if he has more
than that.}) 23. Qe3 Qh6 24. b4 $1 Qxe3+ 25. Rxe3 Rd4 26. Bb3 g6 27. Ref3 Rdd7
28. e5 $1 {That's it! The e4-pawn is alive and Black is now in a very
difficult position, where good advice is not easy to give.} Re7 29. e6 $16 h5
30. Rf6 Kg7 31. h4 a5 32. R1f3 axb4 33. axb4 Kh7 34. Bc2 Kg7 35. exf7 $18 Rxf7
36. Rxg6+ Kh8 37. Rfg3 Bg7 38. R3g5 Rf4 39. Rxh5+ Kg8 {Black has lost all his
pawns on the kingside.} 40. Bf5 Kf8 41. Be6 Ke8 42. g3 Rxb4 43. Kg2 Rb2+ 44.
Kh3 Kd8 45. Rhg5 Bc3 46. Rg8+ Ke7 47. Bc4 Rf2 48. Rh5 1-0

[Event "London Classic 6th"]
[Site "London"]
[Date "2014.12.13"]
[Round "4"]
[White "Nakamura, Hikaru"]
[Black "Adams, Michael"]
[Result "1-0"]
[WhiteElo "2775"]
[BlackElo "2745"]
[Annotator "Krasenkow,M"]
[PlyCount "79"]
[EventDate "2014.12.10"]
[EventType "tourn"]
[EventRounds "5"]
[EventCountry "ENG"]
[EventCategory "22"]
[SourceTitle "CBM 164"]
[Source "ChessBase"]
[SourceDate "2015.01.15"]
[SourceVersion "1"]
[SourceVersionDate "2015.01.15"]
[SourceQuality "1"]

1. d4 Nf6 2. c4 e6 3. Nf3 d5 4. Bg5 Be7 5. Qc2 {An unusual but quite logical
move order: ...d5xc4 and ...c7-c5 are now less appropriate than in positions
with White's knight on c3.} h6 (5... O-O 6. e3 {leads to a kind of normal
Queen's Gambit.}) 6. Bxf6 Bxf6 7. e3 c5 {A risky idea.} (7... O-O 8. Nc3 {
leads to a well-known position} (8. cxd5 $5 exd5 9. Bd3 {is possible if White
wants to avoid theory})) 8. cxd5 cxd4 9. Bb5+ Bd7 ({It was not easy to go for} 
9... Nd7 10. dxe6 Qa5+ 11. Nc3 dxc3 12. exd7+ Bxd7 13. Bxd7+ Kxd7 {but
apparently Black can hold his ground:} 14. O-O cxb2 15. Rad1+ Ke7 16. Qe4+ Kf8
17. Qxb7 Re8 $1 18. Nd4 Qc3 19. Rb1 Bxd4 20. exd4 Qxd4 21. Rfd1 Qf6 22. Rxb2 g6
{[%cal Ye8e7,Yf8g7]}) {After the game move Black can't equalise anymore.} 10.
dxe6 Qa5+ (10... Bxb5 $143 11. exf7+ Kxf7 12. Qb3+ Ke7 13. Qxb5 Qb6 14. Qxb6
axb6 15. Nxd4 {, and White should convert his material advantage, e.g.} Nc6 16.
Nxc6+ bxc6 17. Nc3 Bxc3+ 18. bxc3 Ra3 19. Kd2 Rha8 20. Rhc1 Rxa2+ 21. Rxa2
Rxa2+ 22. Rc2 {etc.}) 11. Nbd2 Qxb5 12. exd7+ Nxd7 13. Qe4+ Kf8 14. Nxd4 Qxb2
15. Rb1 Qxa2 16. Qxb7 Rd8 (16... Rb8 17. Qxd7 Rxb1+ 18. Nxb1 Qxb1+ 19. Ke2 Qb2+
20. Kf3 g6 21. Rd1 $5 {, and White keeps pressure} ({or} 21. Qxa7 Bxd4 22. Qxd4
Qxd4 23. exd4 Ke7 {- this ending is theoretically drawn but requires accurate
defence})) 17. Qb4+ Kg8 18. O-O {It is hardly possible for Black to get his
h8-rook out without at least losing his a7-pawn.} a5 (18... Qd5 19. Ra1 {
[%csl Ra7]}) 19. Qc3 Qd5 (19... Bxd4 $5 20. exd4 (20. Qxd4 Kh7 21. Ra1 Qc2 22.
Rfc1 Qf5) 20... Qd5 21. Rfd1 {[%cal Yd2c4]}) 20. Qc7 Nf8 21. Rb5 Qd7 22. Qxd7
Rxd7 23. N2f3 Bxd4 (23... Ne6 24. Nxe6 fxe6 25. Rxa5 {is favourable for White,
of course. The rook endgame with pawns on the same side offers Black more
drawing chances.}) 24. Nxd4 Ne6 25. Nxe6 fxe6 {[%mdl 4096]} 26. Rxa5 Kf7 27. g4
Rc8 $6 {Black should have aimed for the exchange of one pair of rooks:} (27...
Rhd8 {[%cal Yd7d1] In the resulting ending he should be able to survive with
accurate defence. With four rooks on the board White has more chances to
out-manoeuvre his opponent.}) 28. Rb1 Rc2 29. Ra8 Rc4 30. h3 h5 $2 {This pawn
sacrifice looks merely temporary but it proves impossible for Black to regain
it without critically worsening the position of his rooks.} ({But even after} 
30... Rdc7 31. Rbb8 g5 32. Rg8 {[%cal Ra8f8]} Kf6 $1 33. Kg2 {it is unclear
whether he can successfully defend.}) 31. gxh5 Rh4 32. Rh8 Kf6 (32... Rxh3 33.
Kg2 Rh4 34. f4 $18 {[%csl Rh4][%cal Rg2g3]}) 33. Kh2 Rd5 34. Rf8+ Ke7 35. Rf3 {
[%cal Rb1b7]} Rf5 (35... Rhxh5 36. Rb7+ Rd7 37. Rxd7+ Kxd7 38. Rf7+ $18) 36.
Rxf5 exf5 37. Rg1 Kf6 38. Rg6+ Kf7 39. Rg5 Kf6 (39... f4 40. Rf5+ Ke6 41. Rxf4
Rxh5 $18 {_|_}) 40. f4 {[%cal Rh2g3]} 1-0

[Event "Gibraltar Masters 13th"]
[Site "Caleta"]
[Date "2015.02.01"]
[Round "6"]
[White "Nakamura, Hikaru"]
[Black "Topalov, Veselin"]
[Result "1-0"]
[WhiteElo "2776"]
[BlackElo "2800"]
[Annotator "Ramirez Alvarez,A"]
[PlyCount "99"]
[EventDate "2015.01.27"]
[EventType "swiss"]
[EventRounds "10"]
[EventCountry "GGB"]
[SourceTitle "CBM 165"]
[Source "ChessBase"]
[SourceDate "2015.03.11"]
[SourceVersion "1"]
[SourceVersionDate "2015.03.11"]
[SourceQuality "1"]

1. e4 c5 2. Nf3 d6 3. Bb5+ Nd7 4. a4 Ngf6 5. Nc3 e6 6. d4 cxd4 7. Qxd4 a6 8.
Be2 {It's always refreshing to see that after eight moves we are already out
of theory. Black will play this in a hedgehog style, developing with b6 and
Bb7, while White will try to contain his opponent.} b6 9. O-O Bb7 10. Rd1 Qc7
11. Bg5 Be7 12. Nd2 h6 13. Bh4 Ne5 14. Nf1 Rd8 15. Bg3 O-O 16. Ne3 Rc8 17. Kh1
Rfd8 18. f3 Nh5 19. Bf2 Nf4 {Black doesn't have too much to complain about his
position. He is a little cramped, but he has some good squares on the kingside;
it is not trivial to push the knights back as any pawn move on the kingside
will cause a weakness. On the other hand Nakamura still holds a nice amount of
space and targets the b6 and a6 pawns with his diagonals.} 20. Bf1 Nfg6 (20...
h5 {and march the pawns forward on the kingside is not completely crazy.}) 21.
Qd2 Bg5 22. Qe1 Nf4 23. Bg3 Nh5 24. Bf2 {Black looks to be relatively planless,
but as is usual in the hedgehog finding a way to improve ones position 
(doesn't matter if you are white or black) seems to be the most difficult part
of the game.} Qe7 25. Ra3 Nf4 26. Rb3 Rc6 27. Ne2 $1 {White gets rid of this
pesky knight on f4, and this gives him a slight edge.} Nxe2 (27... Nfg6 28. Nd4
$16) 28. Bxe2 Rdc8 29. c3 Nd7 30. Nc2 d5 $6 {This advance usually solves
Black's problems, but here it is done too early. Black had to defend against
certain threats.} (30... Nc5 31. Ra3 R6c7 {is perhaps slightly favorable for
White but still anyone's game.}) 31. Nb4 $1 Rc5 32. exd5 {Suddenly thehre is
no good way of recapturing on d5. It is unclear to me what Topalov had planned,
as 31.Nb4 was quite obvious.} Ra5 33. Nc6 Bxc6 34. dxc6 Rxc6 35. Rb4 $16 {
The pair of bishops and the awkward position of Black's rook causes real
headaches for Topalov. White has a clear advantage.} Bf6 36. Qf1 Rd6 37. Rxd6
Qxd6 38. Bxa6 {One pawn finally falls: White has converted his advantage into
something tangible.} Nc5 39. Bb5 Qd2 40. Bg1 Ra8 41. Bc6 $1 Rc8 42. Rxb6 $1 {
Now it's two pawns!} Bd8 43. Rb5 Rxc6 44. Bxc5 Bc7 45. a5 {Black simply lacks
any good compensation for his material. The rest is easy for Nakamura.} Qc2 46.
f4 f6 47. h3 Kh7 48. f5 exf5 49. Bg1 Be5 50. a6 1-0